Az MTA RKK Alföldi Tudományos Intézete Alföldi földrajzi információs rendszere
Elmentve itt :
| Szerző: | |
|---|---|
| Dokumentumtípus: | Könyv része |
| Megjelent: |
1995
|
| Sorozat: | A Nagyalföld Alapítvány Kötetei
4 Az Alföld helyzete és perspektívái Alföld kutatási program 1991-1994 4 |
| Kulcsszavak: | Regionális kutatás - Magyarország, Földrajz - Alföld |
| Tárgyszavak: | |
| Online Access: | http://acta.bibl.u-szeged.hu/63949 |
| LEADER | 00919naa a2200229 i 4500 | ||
|---|---|---|---|
| 001 | acta63949 | ||
| 005 | 20260224081030.0 | ||
| 008 | 191217s1995 hu o 000 hun d | ||
| 020 | |a 963 04 4994 3 | ||
| 022 | |a 1216-4933 | ||
| 040 | |a SZTE Egyetemi Kiadványok Repozitórium |b hun | ||
| 041 | |a hun | ||
| 100 | 1 | |a Csatári Bálint | |
| 245 | 1 | 3 | |a Az MTA RKK Alföldi Tudományos Intézete Alföldi földrajzi információs rendszere |h [elektronikus dokumentum] / |c Csatári Bálint |
| 260 | |c 1995 | ||
| 300 | |a 97-98 | ||
| 490 | 0 | |a A Nagyalföld Alapítvány Kötetei |v 4 | |
| 490 | 0 | |a Az Alföld helyzete és perspektívái Alföld kutatási program 1991-1994 |v 4 | |
| 650 | 4 | |a Természettudományok | |
| 650 | 4 | |a Föld- és kapcsolódó környezettudományok | |
| 695 | |a Regionális kutatás - Magyarország, Földrajz - Alföld | ||
| 856 | 4 | 0 | |u http://acta.bibl.u-szeged.hu/63949/1/nagyalfoldi_004_097-098.pdf |z Dokumentum-elérés |